000 00492nam a2200193 4500
003 LK-CoMWRAF
005 20230829225658.0
008 230829b2007 |||||||| |||| 00| 0 eng d
020 _a9789558897133
040 _aLK-CoMWRAF
_dLK-CoMWRAF
_eLK-CoMWRAF
041 _aeng
082 _a823
_bMUL
100 _aMuller, Carl
245 _aWedding night stories
260 _aColombo :
_bPerera Hussein Publishing House,
_c2007
300 _a98p
650 _aSri Lankan Fiction
942 _cBK
999 _c3302
_d3302